000 00446nam a2200193Ia 4500
008 210210b1930 xxu||||| |||| 00| 0 eng d
041 _aeng
082 _a515/125
100 _aSMART (H)
245 _aFirst course in projective geometry
260 _aLondon
_bMacmillan & Co. Ltd.
_c1930
650 _aprojective
650 _ain
650 _ageometry
650 _aFirst
650 _acourse
690 _aGeometry
906 _a007689
999 _c140242
_d140242